MARC details
| 000 -LEADER |
| fixed length control field |
01967nam a22003495i 4500 |
| 003 - CONTROL NUMBER IDENTIFIER |
| control field |
EG-ScBUE |
| 005 - DATE AND TIME OF LATEST TRANSACTION |
| control field |
20201112144543.0 |
| 008 - FIXED-LENGTH DATA ELEMENTS--GENERAL INFORMATION |
| fixed length control field |
200219s2012 cc ab f b 000 0 chi d |
| 020 ## - INTERNATIONAL STANDARD BOOK NUMBER |
| International Standard Book Number |
9787301046784 |
| 040 ## - CATALOGING SOURCE |
| Original cataloging agency |
EG-ScBUE |
| Language of cataloging |
eng |
| Description conventions |
rda |
| Transcribing agency |
EG-ScBUE |
| Modifying agency |
EG-ScBUE |
| 041 0# - LANGUAGE CODE |
| Language code of text/sound track or separate title |
chi |
| -- |
eng |
| 082 04 - DEWEY DECIMAL CLASSIFICATION NUMBER |
| Classification number |
495.182421 |
| Item number |
GUA |
| Edition number |
22 |
| 100 1# - MAIN ENTRY--PERSONAL NAME |
| Personal name |
Guan, Daoxiong, |
| Relator term |
author. |
| 245 10 - TITLE STATEMENT |
| Title |
基礎實用商務漢語 = |
| Remainder of title |
Ji chu shi yong shang wu han yu / |
| Statement of responsibility, etc |
關道雄 = A practical business Chinese reader / Daoxiong Guan. |
| 246 31 - VARYING FORM OF TITLE |
| Title proper/short title |
Ji chu shi yong shang wu han yu |
| 246 31 - VARYING FORM OF TITLE |
| Title proper/short title |
Practical business Chinese reader |
| 250 ## - EDITION STATEMENT |
| Edition statement |
第7版 = |
| Remainder of edition statement |
Seven edition = Di 7 ban. |
| 250 ## - EDITION STATEMENT |
| Edition statement |
修订版 = |
| Remainder of edition statement |
Revised edition. |
| 264 #1 - PUBLICATION, DISTRIBUTION, ETC. (IMPRINT) |
| Place of publication, distribution, etc |
Beijing : |
| Name of publisher, distributor, etc |
Peking University Press, |
| Date of publication, distribution, etc |
2012. |
| 264 #1 - PUBLICATION, DISTRIBUTION, ETC. (IMPRINT) |
| Place of publication, distribution, etc |
北京 : |
| Name of publisher, distributor, etc |
北京 大學 出版社, |
| Date of publication, distribution, etc |
2012. |
| 300 ## - PHYSICAL DESCRIPTION |
| Extent |
xii, 311 pages : |
| Other physical details |
illustrations, map ; |
| Dimensions |
24 cm. |
| 336 ## - CONTENT TYPE |
| Content type term |
text |
| Content type code |
txt |
| Source |
rdacontent |
| 337 ## - MEDIA TYPE |
| Media type term |
unmediated |
| Media type code |
n |
| Source |
rdamedia |
| 338 ## - CARRIER TYPE |
| Carrier type term |
volume |
| Carrier type code |
nc |
| Source |
rdacarrier |
| 490 0# - SERIES STATEMENT |
| Series statement |
对外 汉语 敎材 系列 = |
| -- |
Dui wai Han yu jiao cai xi lie = |
| -- |
Chinese as a foreign language textbook series |
| 520 ## - SUMMARY, ETC. |
| Summary, etc |
Simplified Characters edition. This text book aims to teach business Chinese fluency through typical business activities and business-related social events in the real business world. The course follows the interactions of an American business delegation in China, providing a fun and informative framework for adult learners. Designed for those who have completed at least one year to one and a half years of Chinese study at the college level and have gained a good knowledge of basic grammar in modern Chinese as well as around a 1,000-word vocabulary in Chinese. |
| 546 ## - LANGUAGE NOTE |
| Language note |
Text in Chinese and English. |
| 650 #7 - SUBJECT ADDED ENTRY--TOPICAL TERM |
| Topical term or geographic name as entry element |
Chinese language |
| Form subdivision |
Textbooks for foreign speakers |
| General subdivision |
English. |
| Source of heading or term |
BUEsh |
| 650 #7 - SUBJECT ADDED ENTRY--TOPICAL TERM |
| Topical term or geographic name as entry element |
Chinese language |
| General subdivision |
Study and teaching |
| -- |
Foreign speakers. |
| Source of heading or term |
BUEsh |
| 653 ## - INDEX TERM--UNCONTROLLED |
| Resource For college |
Humanities: Chinese |
| Arrived date list |
November2020 |
| 942 ## - ADDED ENTRY ELEMENTS (KOHA) |
| Source of classification or shelving scheme |
Dewey Decimal Classification |
| Koha item type |
Book - Borrowing |